书目信息 |
| 题名: |
著名学者谈利用图书馆
|
|
| 作者: | 庄焕先 主编 | |
| 分册: | ||
| 出版信息: | 济南 山东大学出版社 1990 |
|
| 页数: | 216,88页 | |
| 开本: | 20cm | |
| 丛书名: | ||
| 单 册: | ||
| 中图分类: | G252.65-53 | |
| 科图分类: | ||
| 主题词: | 图书馆--利用--方法--文集 | |
| 电子资源: | ||
| ISBN: | 7-5607-0366-6 | |
| 000 | 00636nam 2200205 45 | |
| 001 | 0191010831 | |
| 005 | 20051031093806.73 | |
| 010 | @a7-5607-0366-6@dCNY4.10 | |
| 100 | @a19910514d1990 ekmy0chiy0121 ea | |
| 101 | 0 | @achi@geng |
| 102 | @aCN@b370000 | |
| 105 | @ay z 000yy | |
| 200 | 10 | @a著名学者谈利用图书馆@Azhu ming xue zhe tan li yong tu shu guan@f庄焕先主编@Fzhuang huan xian zhu bian |
| 210 | @a济南@c山东大学出版社@d1990 | |
| 215 | @a216,88页@d20cm | |
| 606 | @a图书馆@x利用@x方法@x文集 | |
| 690 | @aG252.65-53@v4 | |
| 701 | 0 | @a庄焕先@Azhuang huan xian@4主编 |
| 801 | 0 | @aCN@bTSSF@c20051031 |
| 905 | @a10447@dG252.65-53@e33 | |
| 著名学者谈利用图书馆/庄焕先主编.-济南:山东大学出版社,1990 |
| 216,88页;20cm |
| ISBN 7-5607-0366-6:CNY4.10 |
| ● |
| 相关链接 |
|
|
|
|
正题名:著名学者谈利用图书馆
索取号:G252.65-53/33
 
预约/预借
| 序号 | 登录号 | 条形码 | 馆藏地/架位号 | 状态 | 备注 |
| 1 | 0337325 | 203373250 | 第一样本阅览室/ [索取号:G252.65-53/33] | 在馆 | |
| 2 | 0337326 | 203373269 | 密集书库/ [索取号:G252.65-53/33] | 在馆 | |
| 3 | 0337327 | 203373278 | 第四借阅区/ [索取号:G252.65-53/33] | 在馆 | |
| 4 | 0337328 | 203373287 | 第四借阅区/ [索取号:G252.65-53/33] | 在馆 | |
| 5 | 0337329 | 203373296 | 密集书库/ [索取号:G252.65-53/33] | 在馆 |